|
|
|
|
| LEADER |
00580nam a2200169Ia 4500 |
| 001 |
153582 |
| 008 |
170722s9999 xx 000 0 und d |
| 020 |
|
|
|a 0195647907
|
| 100 |
|
|
|a Nachane, Dilip M.
|
| 245 |
|
|
|a Econometrics
|b Theoretical foundations and empirical perspectives /
|
| 260 |
|
|
|a New Delhi :
|b Oxford ,
|c 2006.
|
| 300 |
|
|
|a xv+868
|
| 653 |
|
|
|a Econometrics
|
| 923 |
|
|
|d 20070929
|n 4432
|
| 942 |
|
|
|c GEN
|
| 999 |
|
|
|c 135753
|d 135753
|
| 952 |
|
|
|0 0
|1 0
|4 0
|6 X_B28_P61
|7 0
|9 191495
|a LIB
|b LIB
|d 2013-03-25
|e Ajith Book Stall
|l 5
|o X:(B28) P61
|p 265601
|r 2020-02-20
|s 2019-08-05
|v 395.00
|w 2017-08-12
|y GEN
|